[Event "Andalucia-chB"]
[Site "Algeciras"]
[Date "2018.05.19"]
[Round "3"]
[White "Millan Ortiz, Marta"]
[Black "Trudu Salazar, Miguel Angel"]
[Result "1/2-1/2"]
[WhiteElo "1480"]
[BlackElo "1690"]
[PlyCount "66"]
[EventDate "2018.05.18"]
[EventType "swiss"]
[EventRounds "6"]
[EventCountry "ESP"]
[SourceTitle "EXT 2020"]
[Source "ChessBase"]
[SourceDate "2019.10.17"]
[SourceVersion "1"]
[SourceVersionDate "2019.10.17"]
[SourceQuality "1"]

1. d4 Nf6 2. Nf3 g6 3. e3 Bg7 4. Nbd2 d6 5. Be2 0-0 6. 0-0 Nbd7 7. Re1 Re8 8. b3 e5 9. dxe5 Nxe5 10. Bb2 b6 11. Nc4 Nxf3+ 12. Bxf3 Rb8 13. Qe2 Ba6 14. Rad1 Qe7 15. a4 Rbd8 16. b4 d5 17. Bxf6 Bxc4 18. Bxe7 Bxe2 19. Bxd8 Bxd1 20. Rxd1 Rxd8 21. Rxd5 Rxd5 22. Bxd5 Bc3 23. b5 Kf8 24. Kf1 Ke7 25. Ke2 f6 26. Kd3 Bb4 27. f3 Kd6 28. Bg8 h6 29. Bf7 g5 30. Ke4 Ke7 31. Bd5 Bd2 32. Kd3 Bb4 33. Ke2 Kd6 1/2-1/2